000 00817nam0a22002411 4500
001 rc\2579988
005 20250623115604.0
035 _a(NLR Aleph) 006744487
090 _a5679319
_c5679319
100 _a20110914d1928 |||y0rusy50 ca
101 0 _arus
102 _aRU
105 _ay z |||||
200 1 _aПамятка беременной женщины и кормящей матери
_fД-р Г. Б. Гецов
210 _aКалуга
_cКалужск. губстрахкасса
_d1928
_gтип. Гитдома
215 _a64, [32] с., из них 4 "Для заметок"
_d12х9 см.
700 1 _aГецов
_bГ.Б.
_f1890-
_gГерасим Борисович
801 0 _aRU
_bNLR
_gpsbo
801 1 _aRU
_bELAR
_2rusmarc
852 _aNLR
_j72/1370
942 _cBOOK
980 _aNB